| 000 | 00502nam a2200181Ia 4500 | ||
|---|---|---|---|
| 001 | 16095 | ||
| 005 | 20260306170244.0 | ||
| 008 | 260306t2003||||xx |||||||||||||| ||und|| | ||
| 041 | _aESP | ||
| 082 |
_a346.6 _bP91 2003 T. 2 |
||
| 100 |
_aDe la Puente y Lavalle, Manuel _eAUT |
||
| 245 | 0 |
_aEl contrato en general : _bcomentarios a la seccion primera del libro VII del código civil |
|
| 260 | _c2003 | ||
| 300 |
_apágs. : _c24 cm. |
||
| 650 | _aGEN | ||
| 654 | _aCDE | ||
| 942 |
_cLIB _dJUS _fJUS _2ddc _n |
||
| 999 |
_c16095 _d16095 |
||